Automatizácia v pestovaní rastlín

Gespeichert in:
Bibliographische Detailangaben
1. Verfasser: Nguyen Hai, Trieu (Verfasst von)
Weitere Verfasser: Valo, Richard (Betreuung Doktorarbeit)
Format: Manuskript Buch
Sprache:Slowakisch
Veröffentlicht: 2022
Schlagworte:
Online-Zugang:http://is.stuba.sk/zp/portal_zp.pl?podrobnosti=163526
Tags: Tag hinzufügen
Keine Tags, Fügen Sie das erste Tag hinzu!

MARC

LEADER 00000ntm a22000003a 4500
001 stuzp90356
003 SK-STU
005 20220604210811.8
007 ta
008 150427s2015----xo-----f-mn---000-0-slo-d
040 |a STU  |b slo 
041 0 |a slo 
100 1 |a Nguyen Hai, Trieu  |u 047220  |4 aut  |U FCHPT Ústav informatizácie, automatizácie a matematiky  |T FCHPT Oddelenie informatizácie a riadenia procesov  |X 86788  |U C7220  |Y 121  |7 86788 
242 0 1 |a Automation in Plant Cultivation  |y eng 
245 1 0 |a Automatizácia v pestovaní rastlín 
260 |c 2022 
650 4 |a aquaponové zavlažovanie  |2 slo 
650 4 |a pôdne zavlažovanie  |2 slo 
650 4 |a mikroovládač  |2 slo 
650 4 |a ESP32  |2 slo 
650 4 |a skleník  |2 slo 
650 4 |a mikroorganizmy  |2 slo 
650 4 |a senzory  |2 slo 
650 4 |a akčné členy  |2 slo 
650 4 |a HMI  |2 slo 
650 4 |a ESP32  |2 eng 
650 4 |a microcontroller  |2 eng 
650 4 |a greenhouse  |2 eng 
650 4 |a aquaponic irrigation  |2 eng 
650 4 |a soil irrigation  |2 eng 
650 4 |a microorganisms  |2 eng 
650 4 |a sensors  |2 eng 
650 4 |a actuators  |2 eng 
650 4 |a HMI  |2 eng 
700 1 |a Valo, Richard  |u 047220  |k Z1  |4 ths  |U FCHPT Ústav informatizácie, automatizácie a matematiky  |T FCHPT Oddelenie informatizácie a riadenia procesov  |X 10204  |U C7220  |Y 121  |7 10204 
856 4 |u http://is.stuba.sk/zp/portal_zp.pl?podrobnosti=163526